[Event "FRA-chT2 0910"]
[Site "France"]
[Date "2009.10.17"]
[Round "2.7"]
[White "Kieffer, Christian"]
[Black "Houriez, Alain"]
[Result "1-0"]
[WhiteElo "2109"]
[BlackElo "2100"]
[PlyCount "57"]
[EventDate "2009.09.27"]
[EventType "team"]
[EventRounds "11"]
[EventCountry "FRA"]
[SourceDate "2009.07.26"]

1. e4 g6 2. d4 d6 3. Nc3 c6 4. a4 Bg7 5. Nf3 Bg4 6. Be2 Nd7 7. Be3 Ngf6 8. O-O
O-O 9. h3 Bxf3 10. Bxf3 a5 11. Qd2 Qc7 12. Be2 Rfe8 13. f4 d5 14. e5 Ne4 15.
Nxe4 dxe4 16. f5 Rad8 17. e6 fxe6 18. Bc4 Nf8 19. fxg6 Nxg6 20. Bxe6+ Kh8 21.
Rf7 Qd6 22. d5 cxd5 23. Rxg7 Kxg7 24. Bd4+ Qe5 25. Rf1 Rd6 26. Bxe5+ Nxe5 27.
Qg5+ Ng6 28. Rf7+ Kh8 29. Qh6 1-0

[Event "FRA-chT2 0910"]
[Site "France"]
[Date "2009.10.17"]
[Round "2.8"]
[White "Regniez, Alexiane"]
[Black "L'Huillier, Helene"]
[Result "0-1"]
[WhiteElo "1659"]
[BlackElo "1937"]
[PlyCount "50"]
[EventDate "2009.09.27"]
[EventType "team"]
[EventRounds "11"]
[EventCountry "FRA"]
[SourceDate "2009.07.26"]

1. c4 c6 2. g3 Nf6 3. Bg2 d5 4. cxd5 cxd5 5. d4 e6 6. Nc3 Nc6 7. Nf3 Bb4 8. Bd2
O-O 9. O-O Ne4 10. e3 Nxd2 11. Qxd2 Bd7 12. a3 Bxc3 13. Qxc3 Rc8 14. b4 Ne5 15.
Qd2 Nc4 16. Qa2 Ba4 17. Rfc1 Qb6 18. Nd2 Nd6 19. Rc5 Bb5 20. Bf1 Bxf1 21. Kxf1
Qa6+ 22. Kg2 b6 23. Rcc1 Qe2 24. Rxc8 Rxc8 25. Rb1 Nc4 0-1

[Event "FRA-chT2 0910"]
[Site "France"]
[Date "2009.10.17"]
[Round "2.4"]
[White "Rode, Anthony"]
[Black "Lebrun, Xavier"]
[Result "1/2-1/2"]
[WhiteElo "2075"]
[BlackElo "2188"]
[PlyCount "43"]
[EventDate "2009.09.27"]
[EventType "team"]
[EventRounds "11"]
[EventCountry "FRA"]
[SourceDate "2009.07.26"]

1. d4 Nf6 2. Nf3 g6 3. Nc3 d5 4. Bf4 Bg7 5. Qd2 c6 6. Bh6 O-O 7. Bxg7 Kxg7 8.
h4 b5 9. Ne5 b4 10. Na4 Ne4 11. Qf4 f6 12. Nd3 Nd7 13. Nac5 Ndxc5 14. Nxc5 e5
15. Qf3 Nxc5 16. dxc5 Qa5 17. e4 Qxc5 18. O-O-O dxe4 19. Qxe4 Bf5 20. Qe2 Rad8
21. h5 Rxd1+ 22. Qxd1 1/2-1/2

[Event "FRA-chT2 0910"]
[Site "France"]
[Date "2009.10.17"]
[Round "2.6"]
[White "Dorp, David"]
[Black "Marin, Frederic Vincent"]
[Result "1/2-1/2"]
[WhiteElo "2078"]
[BlackElo "2071"]
[PlyCount "93"]
[EventDate "2009.09.27"]
[EventType "team"]
[EventRounds "11"]
[EventCountry "FRA"]
[SourceDate "2009.07.26"]

1. Nf3 c5 2. c4 Nf6 3. g3 g6 4. Bg2 Nc6 5. O-O Bg7 6. Nc3 O-O 7. d3 d6 8. a3
Bd7 9. Rb1 Rc8 10. b4 b6 11. b5 Nd4 12. Nd2 Bg4 13. h3 Be6 14. Nd5 Nxd5 15.
cxd5 Bd7 16. a4 Nf5 17. Bb2 Bxb2 18. Rxb2 e6 19. Nc4 exd5 20. Bxd5 Ne7 21.
Bxf7+ Rxf7 22. Nxd6 Bxh3 23. Nxf7 Kxf7 24. Qb3+ Be6 25. Qc3 Nd5 26. Qe5 Qf6 27.
Qxf6+ Kxf6 28. Rc1 Ke5 29. Rc4 Nf6 30. Rh4 h5 31. a5 c4 32. dxc4 g5 33. f4+
gxf4 34. Rxf4 Ne4 35. Rf3 Rxc4 36. axb6 axb6 37. Kh2 Rc1 38. Rf8 Nf6 39. e4
Ng4+ 40. Kg2 Ne3+ 41. Kf2 Ng4+ 42. Kg2 Kxe4 43. Re2+ Ne3+ 44. Rxe3+ Kxe3 45.
Re8 Rc2+ 46. Kg1 Kf3 47. Rxe6 1/2-1/2

[Event "FRA-chT2 0910"]
[Site "France"]
[Date "2009.10.17"]
[Round "2.2"]
[White "Cathelineau, Didier"]
[Black "Piot, Olivier"]
[Result "1/2-1/2"]
[WhiteElo "2203"]
[BlackElo "2268"]
[PlyCount "149"]
[EventDate "2009.09.27"]
[EventType "team"]
[EventRounds "11"]
[EventCountry "FRA"]
[SourceDate "2009.07.26"]

1. d4 Nf6 2. c4 g6 3. Nc3 Bg7 4. e4 d6 5. Nf3 O-O 6. Be2 Na6 7. O-O e5 8. d5 (
8. Be3 Qe8 (8... Ng4 9. Bg5 f6 (9... Qe8 10. c5 exd4 11. Nd5 Qxe4 12. Ne7+ Kh8
13. cxd6) 10. Bc1 f5 (10... exd4 11. Nxd4 f5 12. h3 Qf6 13. Ndb5) 11. exf5 exd4
12. Bg5 Qe8 13. Nd5 Bxf5 14. Ne7+ Kh8 15. Nxd4 $14) 9. dxe5 dxe5 10. h3 c6 (
10... Nd7 11. a3 Nac5 12. b4 Ne6 13. c5 c6 14. Qd6 Nf4 15. Bc4) (10... Nh5 11.
c5 Nf4 12. Bb5 c6 13. Bxa6 bxa6 14. Qd6 $16) (10... b6 11. a3 (11. c5 Nxc5 12.
Bxc5 bxc5 13. Qc2 Bb7 14. Nd2 (14. Rfd1)) 11... Bb7 12. Qc2 Nc5 13. Bxc5 bxc5
14. Nd5 Qb8 15. b4 $16) 11. c5 Nc7 {[%cal Gc7e6,Ge6d4,Ge6f4]} 12. Qd6 $1) 8...
Nc5 9. Qc2 a5 10. Be3 Ng4 11. Bxc5 dxc5 12. Ne1 Nf6 13. Nd3 b6 14. Rae1 Ne8 15.
f4 exf4 16. e5 $44 Bf5 17. Bf3 Qh4 18. Be4 Bxe4 19. Rxe4 (19. Nxe4 $16) 19...
Qe7 20. Rfxf4 Bh6 21. Rf3 Bg5 22. Qf2 Rd8 23. Qg3 Bd2 24. Nf2 Kh8 25. Nb5 Ng7
26. d6 cxd6 27. exd6 Qg5 28. Qxg5 Bxg5 29. h4 (29. Re2) 29... f5 30. Re7 Bxh4
31. Nd3 Rxd6 32. Rxg7 Rxd3 33. Rxh7+ Kxh7 34. Rxd3 Kg7 35. Nc7 Rf7 36. Nd5 Rd7
37. Rb3 Bd8 38. Nxb6 Rd4 39. g3 Kh6 40. Nd5 Rxc4 41. Rc3 Rd4 42. Rxc5 Rd1+ 43.
Kg2 Rd2+ 44. Kf1 Rxb2 45. a4 Ra2 46. Rc4 Rd2 47. Nf4 Rd6 48. Ke2 g5 49. Nd3 Bb6
50. Rc8 Re6+ 51. Kd2 Kh5 52. Rc4 Kg6 53. Kc2 Kf6 54. Kc3 Rd6 55. Rc8 Ke6 56.
Re8+ Kf7 $17 57. Rc8 Ke7 58. Rg8 Be3 59. Ra8 Rc6+ 60. Kb2 Bd2 61. Kb1 Rc3 62.
Ne5 Rxg3 63. Nc6+ Kd6 64. Nxa5 Bxa5 65. Rxa5 f4 66. Kc1 f3 67. Kd2 Rg2+ 68. Ke1
g4 69. Rg5 g3 70. Kf1 Rf2+ 71. Kg1 Rg2+ 72. Kf1 Ke6 73. a5 Kf6 74. Rg8 Rf2+ 75.
Kg1 1/2-1/2

[Event "FRA-chT2 0910"]
[Site "France"]
[Date "2009.10.17"]
[Round "2.6"]
[White "Ricroque, Jean Pierre"]
[Black "Bogratchew, Albert"]
[Result "1-0"]
[WhiteElo "2002"]
[BlackElo "1779"]
[PlyCount "63"]
[EventDate "2009.09.27"]
[EventType "team"]
[EventRounds "11"]
[EventCountry "FRA"]
[SourceDate "2009.07.26"]

1. d4 d5 2. Nf3 Nf6 3. c4 e6 4. Nc3 a6 5. e3 Nbd7 6. a4 c6 7. a5 Bb4 8. Qa4
Bxc3+ 9. bxc3 O-O 10. Bb2 Re8 11. cxd5 exd5 12. Bd3 Ne4 13. O-O c5 14. c4 dxc4
15. Qxc4 cxd4 16. Qxd4 Ndf6 17. Bxe4 Qxd4 18. Bxh7+ Kxh7 19. Bxd4 Bf5 20. Ne5
Kg8 21. Rfc1 Nd7 22. Nc4 Re6 23. Nd2 Rc6 24. e4 Be6 25. Rxc6 bxc6 26. Rc1 Rc8
27. f4 f5 28. exf5 Bxf5 29. Nc4 Be6 30. Nd6 Rc7 31. Bb6 Nxb6 32. axb6 1-0

[Event "FRA-chT2 0910"]
[Site "France"]
[Date "2009.10.17"]
[Round "2.1"]
[White "Bekkat, Azzedine"]
[Black "Toma, Michal"]
[Result "1-0"]
[WhiteElo "2165"]
[BlackElo "2211"]
[PlyCount "57"]
[EventDate "2009.09.27"]
[EventType "team"]
[EventRounds "11"]
[EventCountry "FRA"]
[SourceDate "2009.07.26"]

1. d4 d5 2. c4 c6 3. cxd5 cxd5 4. Nc3 Nf6 5. Nf3 Nc6 6. Bf4 a6 7. e3 Bf5 8. Rc1
Rc8 9. Ne5 Qb6 10. Bd3 Bxd3 11. Nxd3 e6 12. O-O Nd7 13. Re1 Nb4 14. Nxb4 Bxb4
15. Qg4 g6 16. Nxd5 Rxc1 17. Rxc1 exd5 18. Rc8+ Ke7 19. Rxh8 Qc6 20. h3 Nf8 21.
Bh6 Ke8 22. Bxf8 Bxf8 23. Qf4 Qc1+ 24. Kh2 Qc8 25. Qe5+ Kd7 26. Qxd5+ Ke7 27.
g3 h6 28. b3 Qc2 29. Qxb7+ 1-0

[Event "FRA-chT2 0910"]
[Site "France"]
[Date "2009.10.17"]
[Round "2.6"]
[White "Lemeille, Francois"]
[Black "Denous, Cyprien"]
[Result "1-0"]
[WhiteElo "1954"]
[BlackElo "2050"]
[PlyCount "59"]
[EventDate "2009.09.27"]
[EventType "team"]
[EventRounds "11"]
[EventCountry "FRA"]
[SourceDate "2009.07.26"]

1. e4 Nf6 2. Nc3 d5 3. exd5 g6 4. g3 Nxd5 5. Bg2 Nxc3 6. bxc3 Bg7 7. Nf3 O-O 8.
O-O Be6 9. d4 c6 10. Re1 Nd7 11. a4 Nb6 12. a5 Nc4 13. a6 b5 14. h4 Rc8 15.
Rxe6 fxe6 16. Ng5 Rf6 17. Bh3 Kh8 18. Bxe6 Qf8 19. Bxc8 Qxc8 20. Bf4 Qf5 21.
Qe2 h6 22. Nf3 Qg4 23. Qd3 Rxf4 24. Nh2 Qf5 25. gxf4 Qxf4 26. Qxg6 Nd2 27. Qg3
Qf5 28. Qd3 Ne4 29. f3 Qg6+ 30. Ng4 1-0

[Event "FRA-chT2 0910"]
[Site "France"]
[Date "2009.10.18"]
[Round "3.2"]
[White "Vallin, Guillaume"]
[Black "Goasdoue, Vincent"]
[Result "0-1"]
[WhiteElo "2429"]
[BlackElo "2134"]
[PlyCount "60"]
[EventDate "2009.09.27"]
[EventType "team"]
[EventRounds "11"]
[EventCountry "FRA"]
[SourceDate "2009.07.26"]

1. d4 c5 2. d5 Nf6 3. c4 Ne4 4. Qc2 Qa5+ 5. Nd2 Nd6 6. e4 g6 7. b4 Qxb4 8. Rb1
Qa5 9. Bb2 Rg8 10. Bc3 Qc7 11. Bd3 b6 12. h4 Na6 13. e5 Nf5 14. Bxf5 gxf5 15.
Qxf5 Rxg2 16. Qxh7 Bb7 17. h5 O-O-O 18. h6 e6 19. Qe4 exd5 20. Qxg2 d4 21. Ndf3
dxc3 22. h7 Qc6 23. Rh4 Bh6 24. Ne2 c2 25. Rc1 Nb4 26. Kf1 Nd3 27. Rxc2 Qa4 28.
Qg8 Qxc2 29. Qxd8+ Kxd8 30. h8=Q+ Kc7 0-1

[Event "FRA-chT2 0910"]
[Site "France"]
[Date "2009.10.18"]
[Round "3.8"]
[White "Le Berre, Tennessee"]
[Black "Belloc, Sidonie"]
[Result "0-1"]
[WhiteElo "1843"]
[BlackElo "1801"]
[PlyCount "58"]
[EventDate "2009.09.27"]
[EventType "team"]
[EventRounds "11"]
[EventCountry "FRA"]
[SourceDate "2009.07.26"]

1. e4 e6 2. d4 d5 3. Nc3 dxe4 4. Nxe4 Nd7 5. Nf3 Ngf6 6. Nxf6+ Nxf6 7. c3 Be7
8. Qa4+ c6 9. Bd3 O-O 10. Qc2 b6 11. Bg5 h6 12. h4 c5 13. Ne5 Bb7 14. Be3 Rc8
15. Rh3 cxd4 16. Bxh6 Qd5 17. Nf3 dxc3 18. b3 Ne4 19. Be3 Bc5 20. Rd1 Bxe3 21.
fxe3 Rfd8 22. Nd4 Nd2 23. Rg3 Qh5 24. Nf3 Nxf3+ 25. gxf3 Bxf3 26. Bh7+ Qxh7 27.
Rxd8+ Rxd8 28. Qxh7+ Kxh7 29. Rxf3 c2 0-1

[Event "FRA-chT2 0910"]
[Site "France"]
[Date "2009.10.18"]
[Round "3.6"]
[White "Lemeille, Francois"]
[Black "Buchy, Daniel"]
[Result "0-1"]
[WhiteElo "1954"]
[BlackElo "2137"]
[PlyCount "50"]
[EventDate "2009.09.27"]
[EventType "team"]
[EventRounds "11"]
[EventCountry "FRA"]
[SourceDate "2009.07.26"]

1. e4 c5 2. Nf3 Nc6 3. Bb5 g6 4. O-O Bg7 5. c3 e5 6. d3 Nge7 7. Be3 b6 8. Qd2
a6 9. Ba4 O-O 10. Na3 Bb7 11. Bh6 b5 12. Bb3 d5 13. Bxg7 Kxg7 14. exd5 Nxd5 15.
Rfe1 f6 16. Rad1 Qd6 17. d4 exd4 18. Bxd5 Qxd5 19. cxd4 Nxd4 20. Re7+ Rf7 21.
Rxf7+ Kxf7 22. Qe1 Re8 23. Qd2 Nxf3+ 24. gxf3 Qxf3 25. Qd7+ Re7 0-1

[Event "FRA-chT2 0910"]
[Site "France"]
[Date "2009.10.18"]
[Round "3.7"]
[White "Bouton, Christophe"]
[Black "Aflalo, Sophie"]
[Result "0-1"]
[WhiteElo "2084"]
[BlackElo "2026"]
[PlyCount "62"]
[EventDate "2009.09.27"]
[EventType "team"]
[EventRounds "11"]
[EventCountry "FRA"]
[SourceDate "2009.07.26"]

1. Nf3 Nf6 2. c4 g6 3. d4 Bg7 4. Nc3 O-O 5. e4 d6 6. Be2 e5 7. O-O Nc6 8. d5
Ne7 9. b4 a5 10. bxa5 Rxa5 11. a4 c6 $5 $146 12. dxc6 (12. Rb1) 12... Nxc6 13.
Ba3 Nd4 14. Bb4 Ra6 15. Nd2 Nxe2+ 16. Qxe2 Nh5 17. Nd5 Kh8 (17... Nf4 $142 $132
) 18. c5 dxc5 19. Bxc5 Re8 20. Rfd1 Rc6 21. Nb3 Qg5 22. Be3 Qh4 23. Rac1 Qxe4
24. Rxc6 bxc6 25. Nc5 Qh4 26. Nb6 Bf5 27. Qc4 Nf4 28. Bxf4 exf4 29. g3 Qh5 30.
Rf1 Bh3 31. f3 Bxf1 0-1

[Event "FRA-chT2 0910"]
[Site "France"]
[Date "2009.10.18"]
[Round "3.4"]
[White "Przymusinski, Nicolas"]
[Black "Fossier, Francois"]
[Result "1-0"]
[WhiteElo "2156"]
[BlackElo "2270"]
[PlyCount "57"]
[EventDate "2009.09.27"]
[EventType "team"]
[EventRounds "11"]
[EventCountry "FRA"]
[SourceDate "2009.07.26"]

1. c4 d6 2. g3 e5 3. Bg2 Nc6 4. Nc3 g6 5. e4 Bg7 6. Nge2 h5 7. h4 Be6 8. d3 Qd7
9. O-O Bh3 10. Nd5 Bxg2 11. Kxg2 Nge7 12. Be3 f5 13. f3 Nd8 14. Qd2 c6 15. Nxe7
Qxe7 16. exf5 gxf5 17. f4 e4 18. Bd4 Rg8 19. Rae1 d5 20. cxd5 cxd5 21. Bxg7
Qxg7 22. Qa5 Qd7 23. dxe4 dxe4 24. Rd1 Nc6 25. Qc5 Qe6 26. Rd6 Qe7 27. Qe5 Kf8
28. Qxf5+ Ke8 29. Re6 1-0

[Event "FRA-chT2 0910"]
[Site "France"]
[Date "2009.10.18"]
[Round "3.7"]
[White "Sion, Philippe"]
[Black "Accettone, Gregory"]
[Result "1/2-1/2"]
[WhiteElo "1993"]
[BlackElo "1720"]
[PlyCount "58"]
[EventDate "2009.09.27"]
[EventType "team"]
[EventRounds "11"]
[EventCountry "FRA"]
[SourceDate "2009.07.26"]

1. c4 e5 2. Nc3 Nf6 3. Nf3 e4 4. Ng5 b5 5. b3 Bb7 6. Qc2 Nc6 7. Ngxe4 Be7 8.
Bb2 O-O 9. d3 bxc4 10. dxc4 Nb4 11. Nxf6+ Bxf6 12. Qd2 d5 13. cxd5 Nxd5 14.
Nxd5 Bxb2 15. Qxb2 Qxd5 16. Rd1 Qc5 17. e3 Rfd8 18. Bc4 Rxd1+ 19. Kxd1 Bxg2 20.
Rg1 Bf3+ 21. Kc1 g6 22. Rg3 Bc6 23. Qc2 Qa3+ 24. Kb1 Bb7 25. h4 Re8 26. h5 Be4
27. Bd3 Bxd3 28. Qxd3 Qa5 29. Qd1 Qf5+ 1/2-1/2

[Event "FRA-chT2 0910"]
[Site "France"]
[Date "2009.10.18"]
[Round "3.3"]
[White "Gollain, Marc"]
[Black "Lemoine, Thomas"]
[Result "1-0"]
[WhiteElo "2181"]
[BlackElo "2004"]
[PlyCount "45"]
[EventDate "2009.09.27"]
[EventType "team"]
[EventRounds "11"]
[EventCountry "FRA"]
[SourceDate "2009.07.26"]

1. Nf3 Nf6 2. c4 e6 3. Nc3 d5 4. d4 c5 5. cxd5 Nxd5 6. e4 Nxc3 7. bxc3 cxd4 8.
cxd4 Bb4+ 9. Bd2 Bxd2+ 10. Qxd2 O-O 11. Bc4 Nc6 12. O-O b6 13. Rfe1 Bb7 14.
Rad1 Na5 15. Bd3 Rc8 16. Qe2 Rc3 17. h4 Qf6 18. d5 exd5 19. exd5 Bxd5 20. Bxh7+
Kxh7 21. Rxd5 g6 22. Ng5+ Kg8 23. Ne4 1-0

[Event "FRA-chT2 0910"]
[Site "France"]
[Date "2009.10.18"]
[Round "3.5"]
[White "Giroux, Fabrice"]
[Black "Hameau, Cyril"]
[Result "1-0"]
[WhiteElo "2262"]
[BlackElo "2038"]
[PlyCount "43"]
[EventDate "2009.09.27"]
[EventType "team"]
[EventRounds "11"]
[EventCountry "FRA"]
[SourceDate "2009.07.26"]

1. e4 d5 2. Nc3 d4 3. Nce2 e5 4. Ng3 Nf6 5. Bc4 Bc5 6. Nf3 Nbd7 7. c3 O-O 8.
cxd4 exd4 9. d3 Qe8 10. O-O Ng4 11. Bb3 a5 12. h3 Nge5 13. Nxe5 Nxe5 14. f4 Ng6
15. Qh5 Be7 16. f5 Ne5 17. f6 gxf6 18. Qh6 Kh8 19. Nh5 Rg8 20. Nxf6 Bxf6 21.
Qxf6+ Rg7 22. Bh6 1-0

[Event "FRA-chT2 0910"]
[Site "France"]
[Date "2009.10.18"]
[Round "3.6"]
[White "Couderc, Christophe"]
[Black "Maillot, Fabien"]
[Result "1-0"]
[WhiteElo "2085"]
[BlackElo "2067"]
[PlyCount "60"]
[EventDate "2009.09.27"]
[EventType "team"]
[EventRounds "11"]
[EventCountry "FRA"]
[SourceDate "2009.07.26"]

1. d4 f5 2. e4 fxe4 3. Nc3 Nf6 4. Bg5 b6 5. f3 e3 6. Qc1 e6 7. Qxe3 Be7 8. Bd3
Bb7 9. Bxf6 Bxf6 10. Ne4 Nc6 11. c3 Qe7 12. O-O-O O-O-O 13. Ne2 Qf7 14. Nxf6
gxf6 15. c4 Rhg8 16. g3 h5 17. Nc3 Ne7 18. Rhe1 Rde8 19. Qf2 f5 20. Kb1 h4 21.
f4 hxg3 22. hxg3 Rh8 23. Re3 Nc6 24. Bc2 Qh5 25. c5 Qh2 26. Qxh2 Rxh2 27. cxb6
axb6 28. d5 Nd8 29. Bxf5 Rg2 30. dxe6 Nxe6 1-0

[Event "FRA-chT2 0910"]
[Site "France"]
[Date "2009.10.18"]
[Round "3.4"]
[White "Flament, Francois"]
[Black "Viatte, Robert"]
[Result "1/2-1/2"]
[WhiteElo "2206"]
[BlackElo "2146"]
[PlyCount "36"]
[EventDate "2009.09.27"]
[EventType "team"]
[EventRounds "11"]
[EventCountry "FRA"]
[SourceDate "2009.07.26"]

1. d4 g6 2. Nf3 Bg7 3. c4 d6 4. Nc3 Bg4 5. e3 Nc6 6. h3 Bxf3 7. Qxf3 e5 8. d5
Nce7 9. e4 f5 10. Bd3 Nh6 11. O-O O-O 12. Qd1 Qd7 13. b4 Nf7 14. Rb1 c6 15. Qb3
cxd5 16. cxd5 Rfc8 17. Bd2 Bf6 18. Rbc1 Bg5 1/2-1/2

[Event "FRA-chT2 0910"]
[Site "France"]
[Date "2009.10.18"]
[Round "3.6"]
[White "Flament, Frederic"]
[Black "Polard, Gaetan"]
[Result "1/2-1/2"]
[WhiteElo "2124"]
[BlackElo "2223"]
[PlyCount "48"]
[EventDate "2009.09.27"]
[EventType "team"]
[EventRounds "11"]
[EventCountry "FRA"]
[SourceDate "2009.07.26"]

1. d4 d5 2. Nf3 Nf6 3. Bf4 c5 4. e3 Nc6 5. c3 Qb6 6. Qb3 c4 7. Qc2 Bf5 8. Qc1
h6 9. h3 e6 10. Nbd2 Be7 11. Be2 O-O 12. g4 Bg6 13. O-O Qd8 14. Ne5 Nxe5 15.
Bxe5 Ne4 16. f3 Nxd2 17. Qxd2 Bd6 18. Bd1 f6 19. Bxd6 Qxd6 20. f4 Bd3 21. Be2
Be4 22. Bf3 Bd3 23. Be2 Be4 24. Bf3 Bd3 1/2-1/2

[Event "FRA-chT2 0910"]
[Site "France"]
[Date "2009.11.22"]
[Round "4.1"]
[White "Le Roy, Brice"]
[Black "Dussart, Frederic"]
[Result "1-0"]
[WhiteElo "2303"]
[BlackElo "2274"]
[PlyCount "87"]
[EventDate "2009.09.27"]
[EventType "team"]
[EventRounds "11"]
[EventCountry "FRA"]
[SourceDate "2009.07.26"]

1. e4 c5 2. Nf3 Nc6 3. d4 cxd4 4. Nxd4 Nf6 5. Nc3 e5 6. Ndb5 d6 7. Nd5 Nxd5 8.
exd5 Nb8 9. c4 Be7 10. Be2 a6 11. Nc3 O-O 12. O-O f5 13. f4 Bf6 14. Kh1 Nd7 15.
Qc2 g6 16. b3 Re8 17. Ba3 Qc7 18. Rae1 b5 19. cxb5 exf4 20. Bc4 Rxe1 21. Rxe1
Ne5 22. Qc1 Nxc4 23. bxc4 Bd7 24. bxa6 Rxa6 25. Bb2 Qa5 26. Re2 Be5 27. Nb5
Qxa2 28. Nxd6 Bxb2 29. Rxb2 Qa1 30. Rb1 Qe5 31. c5 f3 32. gxf3 Qxd5 33. Rb8+
Kg7 34. Qc3+ Kh6 35. Qe3+ g5 36. Rb2 Ra1+ 37. Kg2 Qd1 38. Nf7+ Kg7 39. Nxg5
Qf1+ 40. Kg3 f4+ 41. Kxf4 Ra4+ 42. Kg3 Kg6 43. Rb6+ Kh5 44. Ne6 1-0

[Event "FRA-chT2 0910"]
[Site "France"]
[Date "2009.11.22"]
[Round "4.2"]
[White "Boulard, Eric"]
[Black "Dionisi, Thomas"]
[Result "0-1"]
[WhiteElo "2249"]
[BlackElo "2117"]
[PlyCount "82"]
[EventDate "2009.09.27"]
[EventType "team"]
[EventRounds "11"]
[EventCountry "FRA"]
[SourceDate "2009.07.26"]

1. e4 c5 2. d4 cxd4 3. c3 d5 4. exd5 Qxd5 5. cxd4 e6 6. Nc3 Bb4 7. Nf3 Nf6 8.
Bd3 O-O 9. O-O Qd8 10. Bg5 Be7 11. Qe2 Nc6 12. Rad1 Nb4 13. Bb1 Nbd5 14. Ne5 g6
15. Rfe1 Nxc3 16. bxc3 Nd5 17. Bd2 Bf6 18. Qf3 Bg7 19. c4 Ne7 20. Bb4 f6 21.
Nd3 Re8 22. Nf4 Nf5 23. Bc3 Qc7 24. Bd3 Bd7 25. d5 e5 26. Ne6 Bxe6 27. dxe6 Nd6
28. Qd5 Kh8 29. c5 Nc8 30. Bb5 Ne7 31. Qd6 Rec8 32. Bd7 Nf5 33. Bxc8 Nxd6 34.
cxd6 Qxc8 35. d7 Qd8 36. Bb4 Bf8 37. Bxf8 Qxf8 38. Re3 Rd8 39. Rc3 Kg7 40. Rc8
Rxc8 41. e7 Rd8 0-1

[Event "FRA-chT2 0910"]
[Site "France"]
[Date "2009.11.22"]
[Round "4.3"]
[White "Samoun, Florent"]
[Black "Gollain, Marc"]
[Result "0-1"]
[WhiteElo "2132"]
[BlackElo "2183"]
[PlyCount "90"]
[EventDate "2009.09.27"]
[EventType "team"]
[EventRounds "11"]
[EventCountry "FRA"]
[SourceDate "2009.07.26"]

1. e4 c5 2. Nc3 Nc6 3. g3 g6 4. Bg2 Bg7 5. d3 d6 6. Be3 Rb8 7. f4 Nd4 8. Qd2 b5
9. Nd1 b4 10. c3 bxc3 11. bxc3 Nc6 12. Ne2 Qc7 13. O-O f5 14. d4 cxd4 15. Nxd4
Nxd4 16. Bxd4 e5 17. Be3 Nf6 18. Nf2 O-O 19. Rad1 Ba6 20. Rfe1 Rfd8 21. Qc2
fxe4 22. fxe5 dxe5 23. Nxe4 Nxe4 24. Bxe4 Bc4 25. Qa4 a6 26. Bg5 Bb5 27. Qb3+
Bc4 28. Qa4 Rxd1 29. Rxd1 Qc5+ 30. Kh1 Be2 31. Rc1 Rf8 32. Qd7 Qf2 33. Qd5+ Kh8
34. Be7 Qe3 35. Rb1 Rc8 36. Bg2 Qxc3 37. Qf7 Qc4 38. Bd5 Qd3 39. Re1 Qd2 40.
Rg1 Qe3 41. h4 e4 42. Kh2 Bf3 43. Rg2 Qd4 44. Qe6 Rb8 45. Rc2 Qg1+ 0-1

[Event "FRA-chT2 0910"]
[Site "France"]
[Date "2009.11.22"]
[Round "4.5"]
[White "Toma, Michal"]
[Black "Lebrun, Xavier"]
[Result "1-0"]
[WhiteElo "2203"]
[BlackElo "2171"]
[PlyCount "55"]
[EventDate "2009.09.27"]
[EventType "team"]
[EventRounds "11"]
[EventCountry "FRA"]
[SourceDate "2009.07.26"]

1. e4 d6 2. g3 Nf6 3. Bg2 h5 4. h3 e5 5. Nc3 Nc6 6. d3 h4 7. g4 Nd4 8. f4 exf4
9. Bxf4 Be7 10. Nf3 Ne6 11. Bd2 c6 12. Qc1 Nh7 13. Ne2 Nhg5 14. Ned4 Nxd4 15.
Nxd4 Bf6 16. Ne2 Qe7 17. O-O Bd7 18. c3 O-O-O 19. Qc2 d5 20. exd5 Bxg4 21. Nf4
Qc5+ 22. d4 Bxd4+ 23. Kh1 Bd7 24. Nd3 Qe7 25. Rae1 Ne6 26. dxe6 Bxe6 27. cxd4
Rxd4 28. Bc3 1-0

[Event "FRA-chT2 0910"]
[Site "France"]
[Date "2009.11.22"]
[Round "4.7"]
[White "Lemeille, Francois"]
[Black "Marin, Frederic Vincent"]
[Result "0-1"]
[WhiteElo "1955"]
[BlackElo "2050"]
[PlyCount "62"]
[EventDate "2009.09.27"]
[EventType "team"]
[EventRounds "11"]
[EventCountry "FRA"]
[SourceDate "2009.07.26"]

1. e4 Nf6 2. Nc3 e5 3. f4 d6 4. Nf3 Nc6 5. Bb5 Bg4 6. h3 Bxf3 7. Qxf3 Be7 8. d3
O-O 9. Bxc6 bxc6 10. f5 d5 11. O-O Kh8 12. g4 dxe4 13. dxe4 Bb4 14. Be3 Qe7 15.
g5 Ne8 16. Kh2 Nd6 17. Qh5 g6 18. Qg4 Nc4 19. Bc1 Rad8 20. Qg3 Rd4 21. Re1 Rfd8
22. b3 Na3 23. Re2 Nb5 24. Nxb5 cxb5 25. Bb2 Bd2 26. Qf2 Bf4+ 27. Kg2 Qxg5+ 28.
Kf3 Rd3+ 29. cxd3 Rxd3+ 30. Re3 Rxe3+ 31. Qxe3 Qg3+ 0-1

[Event "FRA-chT2 0910"]
[Site "France"]
[Date "2009.11.22"]
[Round "4.8"]
[White "Mousset Evtouchenko, Nina"]
[Black "Rondeau, Maurene"]
[Result "1-0"]
[WhiteElo "1753"]
[BlackElo "1450"]
[PlyCount "99"]
[EventDate "2009.09.27"]
[EventType "team"]
[EventRounds "11"]
[EventCountry "FRA"]
[SourceDate "2009.07.26"]

1. c4 e5 2. Nc3 Bc5 3. e3 Nc6 4. Nf3 d6 5. d4 Bb6 6. dxe5 dxe5 7. Qxd8+ Kxd8 8.
a3 Nf6 9. b4 Re8 10. c5 Bxc5 11. bxc5 b6 12. cxb6 cxb6 13. Bb5 Bb7 14. O-O Kc7
15. Bb2 Rac8 16. Rfd1 Kb8 17. Nd5 Nxd5 18. Rxd5 e4 19. Nd2 a6 20. Bxc6 Bxc6 21.
Rh5 Red8 22. Nb3 Rd7 23. Bxg7 Kb7 24. Bd4 Ba4 25. Rh6 Bxb3 26. Rxb6+ Ka8 27.
Rxb3 Rdc7 28. h3 Rc1+ 29. Rxc1 Rxc1+ 30. Kh2 Rc2 31. Kg3 Rc8 32. Rb6 Rg8+ 33.
Kh2 Rc8 34. Rxa6+ Kb7 35. Ra7+ Kb8 36. Rxf7 h6 37. Rh7 Rc2 38. Kg3 Ra2 39. Bc5
Rc2 40. Bb4 Rc6 41. Rd7 Rc4 42. Rd6 Kb7 43. Rxh6 Rc8 44. h4 Rg8+ 45. Kh3 Rc8
46. h5 Rg8 47. g4 Rg7 48. Re6 Rf7 49. Re7+ Rxe7 50. Bxe7 1-0

[Event "FRA-chT2 0910"]
[Site "France"]
[Date "2009.11.22"]
[Round "4.1"]
[White "Bernard, Christophe"]
[Black "Pozdnjakov, Evgueniy"]
[Result "1-0"]
[WhiteElo "2356"]
[BlackElo "2234"]
[PlyCount "31"]
[EventDate "2009.09.27"]
[EventType "team"]
[EventRounds "11"]
[EventCountry "FRA"]
[SourceDate "2009.07.26"]

1. Nf3 Nf6 2. d4 e6 3. c4 b6 4. g3 Bb7 5. Bg2 Bb4+ 6. Bd2 Be7 7. Nc3 Ne4 8. O-O
Nxc3 9. Bxc3 Be4 10. Bh3 Bf5 11. Bxf5 exf5 12. Qd3 g6 13. d5 O-O 14. Qd4 f6 15.
d6 Nc6 16. Qd5+ 1-0

[Event "FRA-chT2 0910"]
[Site "France"]
[Date "2009.11.22"]
[Round "4.2"]
[White "Pozdnjakov, Viatcheslav"]
[Black "Yacob, Francois"]
[Result "1-0"]
[WhiteElo "2220"]
[BlackElo "2167"]
[PlyCount "93"]
[EventDate "2009.09.27"]
[EventType "team"]
[EventRounds "11"]
[EventCountry "FRA"]
[SourceDate "2009.07.26"]

1. d4 Nf6 2. Nf3 e6 3. Nbd2 c5 4. e3 Nc6 5. b3 cxd4 6. exd4 Bb4 7. Bb2 O-O 8.
Bd3 d5 9. O-O Bd6 10. a3 b6 11. Ne5 Bb7 12. f4 Ne7 13. Qe2 Ng6 14. Rf3 Rc8 15.
Raf1 Qe7 16. a4 Bb4 17. Rh3 Bxd2 18. Qxd2 Ne4 19. Qe2 Nxe5 20. fxe5 f5 21. exf6
Rxf6 22. Rxf6 Qxf6 23. Rf3 Qe7 24. Qe3 Rf8 25. Bc1 e5 26. dxe5 Qxe5 27. Rxf8+
Kxf8 28. Qf4+ Qxf4 29. Bxf4 Ke7 30. Bb8 Kd7 31. Bxa7 Kc7 32. b4 g6 33. a5 bxa5
34. bxa5 Bc6 35. Kf1 Ba4 36. Ke2 Kc6 37. Ke3 Nd6 38. Kf4 Nc4 39. Kg5 Nxa5 40.
Kh6 Nc4 41. Bd4 Kd6 42. Kxh7 g5 43. Kg6 g4 44. Kg5 Na3 45. c3 Bd1 46. Kf4 Nc4
47. Bf5 1-0